[Event "LLO18/19"]
[Site "Mecklenburg-Vorpommern"]
[Date "2019.04.07"]
[Round "9.6"]
[White "Langer, Robert"]
[Black "Meyer, Detlef"]
[Result "0-1"]
[WhiteElo "1505"]
[BlackElo "1714"]
[PlyCount "90"]
[EventDate "2018.??.??"]
[EventType "team-tourn"]
[EventRounds "9"]
[EventCountry "GER"]
[WhiteTeam "Makkabi Rostock"]
[BlackTeam "SG Neubrandenburg II"]
[WhiteTeamCountry "GER"]
[BlackTeamCountry "GER"]

1. g4 e5 2. Bg2 d5 3. d3 Bxg4 4. c4 Bb4+ 5. Bd2 Bxd2+ 6. Nxd2 Nf6 7. Qb3 O-O 8.
cxd5 Bc8 9. Ne4 Qe7 10. Nd2 Nbd7 11. Qc3 Nb6 12. Nc4 Nbxd5 13. Qxe5 Qb4+ 14.
Nd2 Re8 15. Qg5 Nf4 16. Rb1 Nxd3+ 17. Kf1 Re5 18. Qg3 Qxd2 19. Qxd3 Qxd3 20.
exd3 Bf5 21. Rd1 c6 22. Nf3 Rc5 23. a3 Rd8 24. d4 Rc2 25. d5 c5 26. b4 c4 27.
Nd4 Bd3+ 28. Kg1 Ra2 29. Nb5 a6 30. Nc7 Ng4 31. Re1 Nxf2 32. d6 h6 33. Re8+
Rxe8 34. Nxe8 Kf8 35. Nxg7 Nxh1 36. h4 Ng3 37. Bxb7 Nf5 38. Nxf5 Bxf5 39. Bxa6
c3 40. b5 c2 41. b6 c1=Q+ 42. Bf1 Qe3+ 43. Kh1 Be4+ 44. Bg2 Rxg2 45. d7 Qh3#
0-1

[Event "LLO18/19"]
[Site "Mecklenburg-Vorpommern"]
[Date "2019.04.07"]
[Round "9.7"]
[White "Schulz, Ronald"]
[Black "Elsken Sicard, Fabian"]
[Result "1/2-1/2"]
[WhiteElo "1527"]
[BlackElo "1511"]
[PlyCount "67"]
[EventDate "2018.??.??"]
[EventType "team-tourn"]
[EventRounds "9"]
[EventCountry "GER"]
[WhiteTeam "SG Neubrandenburg II"]
[BlackTeam "Makkabi Rostock"]
[WhiteTeamCountry "GER"]
[BlackTeamCountry "GER"]

1. e4 c5 2. c3 d5 3. exd5 Qxd5 4. d4 e6 5. Nf3 Nf6 6. Nbd2 Nc6 7. Bc4 Qd8 8.
Nb3 cxd4 9. cxd4 a6 10. O-O b5 11. Be2 Be7 12. Be3 Nd5 13. Rc1 Nxe3 14. fxe3
Nb4 15. a3 Nd5 16. Qd2 O-O 17. Bd3 Bb7 18. Na5 Qb6 19. Nxb7 Qxb7 20. b4 Rac8
21. Be4 Bf6 22. Rc5 Be7 23. Rxc8 Rxc8 24. Rc1 Bd6 25. Bxd5 exd5 26. Rc3 Rxc3
27. Qxc3 Qc7 28. Qxc7 Bxc7 29. Ne1 Kf8 30. Nd3 a5 31. h3 axb4 32. axb4 Ke7 33.
Kf2 h5 34. g4 1/2-1/2

[Event "LLO18/19"]
[Site "Mecklenburg-Vorpommern"]
[Date "2019.04.07"]
[Round "9.8"]
[White "Roeste, Hugo"]
[Black "Schubert, Jens"]
[Result "0-1"]
[WhiteElo "1439"]
[BlackElo "1534"]
[PlyCount "114"]
[EventDate "2018.??.??"]
[EventType "team-tourn"]
[EventRounds "9"]
[EventCountry "GER"]
[WhiteTeam "Makkabi Rostock"]
[BlackTeam "SG Neubrandenburg II"]
[WhiteTeamCountry "GER"]
[BlackTeamCountry "GER"]

1. d4 Nf6 2. c4 e6 3. Nc3 Bb4 4. Nf3 O-O 5. Bf4 Ne4 6. Qc2 f5 7. e3 d5 8. Bd3
Nc6 9. O-O a6 10. Ne5 Ne7 11. Bxe4 fxe4 12. a3 Bd6 13. c5 Bxe5 14. Bxe5 Ng6 15.
Bg3 Bd7 16. b4 Bb5 17. Nxb5 axb5 18. a4 bxa4 19. Rxa4 Rxa4 20. Qxa4 c6 21. Ra1
Qf6 22. Qa7 e5 23. dxe5 Nxe5 24. Rf1 Nc4 25. Re1 Qf7 26. Qa1 h5 27. h4 Qf5 28.
Bf4 Qg4 29. g3 Nd2 30. Kg2 Nf3 31. Rh1 d4 32. Qa2+ Kh7 33. Qc4 Qg6 34. Qc1 d3
35. Kh3 Qe6+ 36. Kg2 Ra8 37. Qb2 Ra2 38. Qb1 Qc4 39. Bc7 Qc2 40. Qxc2 Rxc2 41.
Rd1 d2 42. Kf1 Kg6 43. Ke2 Kf6 44. Ba5 Ra2 45. Rb1 Ke6 46. Rd1 Kd5 47. Rh1 Kc4
48. Rb1 Rc2 49. Rd1 Kb3 50. Rb1+ Rb2 51. Rd1 Kc2 52. Ra1 Rb1 53. Rxb1 Kxb1 54.
Kd1 Kb2 55. b5 cxb5 56. Bxd2 Nxd2 57. Kxd2 Kb3 0-1

[Event "LLO18/19"]
[Site "Mecklenburg-Vorpommern"]
[Date "2019.04.07"]
[Round "9.1"]
[White "Rickmann, Niklas"]
[Black "Morejko, Wojciech"]
[Result "1-0"]
[WhiteElo "1688"]
[BlackElo "1737"]
[PlyCount "79"]
[EventDate "2018.??.??"]
[EventType "team-tourn"]
[EventRounds "9"]
[EventCountry "GER"]
[WhiteTeam "FHSG Stralsund II"]
[BlackTeam "Ribnitz-Damgarten"]
[WhiteTeamCountry "GER"]
[BlackTeamCountry "GER"]

1. e4 c5 2. d3 e6 3. g3 d5 4. exd5 exd5 5. Bg2 Nf6 6. Nf3 Be7 7. O-O O-O 8. Bg5
h6 9. Bf4 Bg4 10. Qd2 Nc6 11. h3 Bh5 12. Nc3 d4 13. Ne2 Nd5 14. g4 Nxf4 15.
Nxf4 Bg6 16. Rfe1 Bd6 17. Nxg6 fxg6 18. Re6 Bf4 19. Qe2 g5 20. Re1 Rc8 21. a3
Bb8 22. Qe4 Rf4 23. Qg6 Rf7 24. Nd2 Ne7 25. Rxe7 Rxe7 26. Be4 Qc7 27. Qh7+ Kf8
28. Qh8+ Kf7 29. Bd5+ Kf6 30. Rxe7 Qh2+ 31. Kf1 Rxh8 32. Re6+ Kf7 33. Rxh6+ Ke7
34. Rxh8 Bc7 35. Bxb7 Qf4 36. Nb3 Bb6 37. Rh7 Kf6 38. Rh8 Qh2 39. Nd2 Qd6 40.
Ne4+ 1-0

[Event "LLO18/19"]
[Site "Mecklenburg-Vorpommern"]
[Date "2019.04.07"]
[Round "9.2"]
[White "Eckermann, Klaus"]
[Black "Sparr, Andreas"]
[Result "1-0"]
[WhiteElo "1743"]
[BlackElo "1604"]
[PlyCount "157"]
[EventDate "2018.??.??"]
[EventType "team-tourn"]
[EventRounds "9"]
[EventCountry "GER"]
[WhiteTeam "Ribnitz-Damgarten"]
[BlackTeam "FHSG Stralsund II"]
[WhiteTeamCountry "GER"]
[BlackTeamCountry "GER"]

1. e4 c5 2. Nf3 Nc6 3. Bb5 g6 4. O-O Bg7 5. c3 a6 6. Be2 d6 7. d4 cxd4 8. cxd4
Qb6 9. Nc3 Qd8 10. Be3 Nf6 11. Qd2 O-O 12. Rac1 Bd7 13. d5 Na7 14. Nd4 Qa5 15.
Nb3 Qd8 16. f3 Re8 17. Rfd1 Rf8 18. Bf1 Ne8 19. Qf2 Nc8 20. Nd4 Nf6 21. a4 Qa5
22. Qc2 Qd8 23. b4 Na7 24. Nb3 Nc8 25. Qf2 Rb8 26. Rd2 Qe8 27. b5 axb5 28. Nxb5
Qd8 29. Rdc2 Ne8 30. a5 f5 31. Qe1 fxe4 32. fxe4 Be5 33. Nc7 Nxc7 34. Rxc7 Bc6
35. Bb6 Ba4 36. Rxc8 Qd7 37. Rxb8 Rxb8 38. Qb4 Bxb3 39. Qxb3 Qg4 40. Qf3 Qh4
41. g3 Qg5 42. Be3 Bd4 43. Re1 Rf8 44. Qe2 Qf6 45. Bxd4 Qxd4+ 46. Qe3 Qb2 47.
Bh3 Kg7 48. Rc1 Qa2 49. Qc3+ Kh6 50. Rf1 Rxf1+ 51. Bxf1 Qb1 52. Qd3 Qc1 53. Kf2
Qc7 54. Ke2 Kg7 55. Kd2 Qd7 56. h3 Kg8 57. Qb5 Qc8 58. g4 Kf7 59. Bd3 Kf8 60.
Qb6 Kf7 61. a6 bxa6 62. Bxa6 Qe8 63. Qc6 Qd8 64. Qb5 Qc7 65. Bb7 Qb8 66. Qb6
Kg8 67. Ke3 Kf7 68. Kf4 Qh8 69. Qe3 Qb2 70. Bc8 Qh2+ 71. Qg3 Qd2+ 72. Qe3 Qh2+
73. Kf3 Ke8 74. Be6 Qxh3+ 75. Ke2 Qg2+ 76. Kd3 Qf1+ 77. Qe2 Qb1+ 78. Qc2 Qb5+
79. Ke3 1-0

[Event "LLO18/19"]
[Site "Mecklenburg-Vorpommern"]
[Date "2019.04.07"]
[Round "9.3"]
[White "Vietinghoff, Klaus"]
[Black "Floegel, Thomas"]
[Result "0-1"]
[WhiteElo "1694"]
[BlackElo "1695"]
[PlyCount "66"]
[EventDate "2018.??.??"]
[EventType "team-tourn"]
[EventRounds "9"]
[EventCountry "GER"]
[WhiteTeam "FHSG Stralsund II"]
[BlackTeam "Ribnitz-Damgarten"]
[WhiteTeamCountry "GER"]
[BlackTeamCountry "GER"]

1. f4 d5 2. Nf3 c5 3. e3 Nf6 4. b3 Nc6 5. Bb5 Bd7 6. O-O e6 7. Bb2 Be7 8. Bxc6
Bxc6 9. Ne5 Bb5 10. d3 O-O 11. Nd2 Qc7 12. g4 Nd7 13. Ndf3 f6 14. Nxd7 Bxd7 15.
c4 dxc4 16. bxc4 Rad8 17. Qe2 Ba4 18. d4 Bc6 19. f5 exf5 20. gxf5 Bxf3 21. Rxf3
cxd4 22. exd4 Rfe8 23. Qe6+ Kf8 24. Qe2 Bd6 25. Qc2 Rd7 26. Rd1 Rde7 27. Rdf1
Re2 28. Qb3 Rxh2 29. R3f2 Re4 30. Rxh2 Bxh2+ 31. Kg2 Re2+ 32. Kh1 Bg1 33. Ba3+
Kg8 0-1

[Event "LLO18/19"]
[Site "Mecklenburg-Vorpommern"]
[Date "2019.04.07"]
[Round "9.4"]
[White "Dittschlag, Lothar"]
[Black "Manke, Karsten"]
[Result "0-1"]
[WhiteElo "1630"]
[BlackElo "1719"]
[PlyCount "52"]
[EventDate "2018.??.??"]
[EventType "team-tourn"]
[EventRounds "9"]
[EventCountry "GER"]
[WhiteTeam "Ribnitz-Damgarten"]
[BlackTeam "FHSG Stralsund II"]
[WhiteTeamCountry "GER"]
[BlackTeamCountry "GER"]

1. e4 e5 2. Nf3 Nc6 3. Bb5 Nf6 4. Nc3 d6 5. d3 a6 6. Ba4 Be7 7. O-O Bg4 8. h3
Bh5 9. Bxc6+ bxc6 10. Qe2 O-O 11. Qe3 d5 12. exd5 cxd5 13. Qxe5 Bxf3 14. gxf3
Qd7 15. Kg2 Rab8 16. Qg3 Rb6 17. Rh1 Nh5 18. Qe5 Rg6+ 19. Kf1 Nf6 20. Bd2 Bd6
21. Qe2 Re8 22. Qd1 c5 23. Ne2 Nh5 24. Ng1 Qf5 25. a4 Bf4 26. a5 Qg5 0-1

[Event "LLO18/19"]
[Site "Mecklenburg-Vorpommern"]
[Date "2019.04.07"]
[Round "9.5"]
[White "Jabbusch, Burkhard"]
[Black "Klugmann, Horst"]
[Result "1-0"]
[WhiteElo "1631"]
[BlackElo "1631"]
[PlyCount "119"]
[EventDate "2018.??.??"]
[EventType "team-tourn"]
[EventRounds "9"]
[EventCountry "GER"]
[WhiteTeam "FHSG Stralsund II"]
[BlackTeam "Ribnitz-Damgarten"]
[WhiteTeamCountry "GER"]
[BlackTeamCountry "GER"]

{[%evp 0,119,30,-16,-21,-15,-20,-29,-29,-26,-11,-25,-9,-4,6,-18,-12,-27,4,-37,
-27,-35,-21,-16,-28,-43,-62,-102,-42,-68,-66,-87,-61,-60,-21,-63,-26,-63,14,
-64,-90,-92,-90,-96,-95,-100,-89,-111,-100,-114,-98,-100,-112,-430,-466,-472,
-129,-135,-112,-132,-106,-110,-123,-127,-102,-138,-101,-97,-76,-73,-61,-73,-84,
-83,-57,-87,-58,-68,-69,-25,-16,0,-13,-13,-13,-9,-7,-13,-14,-24,-14,-49,0,0,0,
0,0,0,0,0,0,0,62,73,135,139,139,117,123,42,109,100,110,119,102,107,147,99,92,
101,507,210]} 1. f4 d5 2. Nf3 g6 3. e3 Bg7 4. d4 Nf6 5. Bd3 O-O 6. O-O Nbd7 7.
Nbd2 c5 8. c3 b6 9. e4 dxe4 10. Nxe4 Bb7 11. Nxf6+ Bxf6 12. dxc5 Nxc5 13. Be2
e6 14. Be3 Qc7 15. Nd4 Rfd8 16. Bf3 e5 17. fxe5 Bxe5 18. h3 Ne6 19. Qb3 Nxd4
20. Bxd4 Bxd4+ 21. cxd4 Rxd4 22. Rac1 Qd7 23. Rf2 Rd3 24. Rc3 Rxc3 25. Qxc3 Rc8
26. Qb3 Rc1+ 27. Kh2 Qc7+ 28. g3 Bxf3 29. Qxf3 Qd7 30. Qg2 Rd1 31. a3 Qd5 32.
Rc2 Qxg2+ 33. Kxg2 Rd7 34. Kf3 f5 35. Ke3 Kf7 36. h4 h6 37. a4 g5 38. Rc6 Kg7
39. h5 Rf7 40. Rg6+ Kh7 41. Rc6 Kg7 42. Rg6+ Kh7 43. Rc6 Re7+ 44. Kf3 Rf7 45.
b3 Rd7 46. Ke3 Rd1 47. Rc7+ Kg8 48. Rxa7 Rb1 49. Kd4 Rxb3 50. Ke5 Re3+ 51. Kxf5
Rxg3 52. Kg6 Kf8 53. Kxh6 g4 54. Rb7 Rb3 55. a5 g3 56. Rxb6 Ra3 57. Rg6 Ke8 58.
Kh7 Rxa5 59. h6 Ra7+ 60. Kh8 $4 (60. Kg8 $3 {gewinnt}) (60. Kh8 {macht remis}
Rf7 $3 61. Rxg3 Kf8 $11 62. Ra3 (62. h7 Rf4) 62... Rf4) 1-0

[Event "LLO18/19"]
[Site "Mecklenburg-Vorpommern"]
[Date "2019.04.07"]
[Round "9.6"]
[White "Wehrmann, Horst"]
[Black "Jenschke, Tim"]
[Result "1/2-1/2"]
[WhiteElo "1620"]
[BlackElo "1529"]
[PlyCount "109"]
[EventDate "2018.??.??"]
[EventType "team-tourn"]
[EventRounds "9"]
[EventCountry "GER"]
[WhiteTeam "Ribnitz-Damgarten"]
[BlackTeam "FHSG Stralsund II"]
[WhiteTeamCountry "GER"]
[BlackTeamCountry "GER"]

1. d4 g6 2. c4 Bg7 3. Nf3 d6 4. Nc3 Nd7 5. e3 Ngf6 6. Qc2 b6 7. Be2 Bb7 8. b3
c6 9. Bb2 d5 10. cxd5 cxd5 11. Rc1 Rc8 12. Qd1 a6 13. O-O O-O 14. h3 Ne8 15.
Ba3 b5 16. Nb1 Nc7 17. Rc2 Re8 18. Qc1 Nf6 19. Bb4 Ne6 20. Rxc8 Bxc8 21. Ne5
Bb7 22. Qa3 Ne4 23. Nd3 Qd7 24. Rc1 f5 25. f3 N4g5 26. h4 Nf7 27. f4 Bf6 28. g3
Nfd8 29. Nd2 Nc6 30. Nc5 Nxc5 31. Bxc5 Kf7 32. Nf3 h6 33. b4 Rg8 34. Kf2 Qc7
35. Ne5+ Bxe5 36. fxe5 Qd7 37. Kg2 Kg7 38. Qb3 Kh7 39. Rh1 Nd8 40. Qc2 Nf7 41.
Bd3 e6 42. Qf2 Nxe5 43. dxe5 d4+ 44. Kh2 Bxh1 45. Kxh1 dxe3 46. Qxe3 Qd5+ 47.
Kg1 Rd8 48. Bd6 Qxa2 49. Bf1 Rd7 50. Qd4 Qb3 51. Qd3 Qb2 52. Be2 Qc1+ 53. Kf2
f4 54. Qf3 Rf7 55. g4 1/2-1/2

[Event "LLO18/19"]
[Site "Mecklenburg-Vorpommern"]
[Date "2019.04.07"]
[Round "9.7"]
[White "Klinger, Clemens"]
[Black "Zierke, Udo"]
[Result "1-0"]
[WhiteElo "1583"]
[BlackElo "1624"]
[PlyCount "60"]
[EventDate "2018.??.??"]
[EventType "team-tourn"]
[EventRounds "9"]
[EventCountry "GER"]
[WhiteTeam "FHSG Stralsund II"]
[BlackTeam "Ribnitz-Damgarten"]
[WhiteTeamCountry "GER"]
[BlackTeamCountry "GER"]

1. e4 e5 2. Nf3 Nc6 3. Bc4 Bc5 4. O-O Nf6 5. Nc3 d6 6. d3 Bg4 7. h3 Bh5 8. Bg5
h6 9. Bxf6 Qxf6 10. Nd5 Qd8 11. g4 Bg6 12. c3 Ne7 13. Ne3 Qd7 14. Kg2 O-O-O 15.
b4 Bxe3 16. fxe3 f6 17. Qb3 Kb8 18. Rh1 h5 19. Be6 Qb5 20. c4 Qb6 21. Kf2 Qc6
22. a4 hxg4 23. hxg4 Qe8 24. a5 Bf7 25. c5 d5 26. Rxh8 Qxh8 27. Bxf7 Qh3 28.
exd5 f5 29. g5 e4 30. Ng1 Rh8 1-0

[Event "LLO18/19"]
[Site "Mecklenburg-Vorpommern"]
[Date "2019.04.07"]
[Round "9.8"]
[White "Ochei, Victor"]
[Black "Boettner, Oliver"]
[Result "0-1"]
[WhiteElo "1377"]
[BlackElo "1504"]
[PlyCount "85"]
[EventDate "2018.??.??"]
[EventType "team-tourn"]
[EventRounds "9"]
[EventCountry "GER"]
[WhiteTeam "Ribnitz-Damgarten"]
[BlackTeam "FHSG Stralsund II"]
[WhiteTeamCountry "GER"]
[BlackTeamCountry "GER"]

1. d4 f5 2. c4 Nf6 3. Nc3 g6 4. Nf3 Bg7 5. e3 O-O 6. Bd3 d6 7. O-O Nbd7 8. e4
fxe4 9. Nxe4 Nxe4 10. Bxe4 Nf6 11. Bd3 b6 12. Qc2 Bb7 13. Ng5 Qd7 14. Qe2 Rae8
15. Ne6 Rf7 16. Nxg7 Kxg7 17. h3 e5 18. d5 c6 19. Be4 cxd5 20. cxd5 Bxd5 21.
Bxd5 Nxd5 22. Qe4 Nf6 23. Qh4 d5 24. Bg5 d4 25. Rad1 Qa4 26. Rc1 Qxa2 27. Bxf6+
Rxf6 28. Rc7+ Rf7 29. Rfc1 {(=)} Ref8 30. R1c6 Rxc7 31. Rxc7+ Rf7 32. Rxf7+
Qxf7 33. Qe4 Qc7 34. Kh2 a5 35. g4 b5 36. h4 d3 37. Qxd3 e4+ 38. Qg3 Qxg3+ 39.
Kxg3 a4 40. Kf4 b4 41. Kxe4 a3 42. bxa3 bxa3 43. Kd3 0-1

[Event "LLO18/19"]
[Site "Mecklenburg-Vorpommern"]
[Date "2019.04.07"]
[Round "9.2"]
[White "Pawlick, Helmut"]
[Black "Wiese, Frank"]
[Result "1-0"]
[WhiteElo "1834"]
[BlackElo "1899"]
[PlyCount "68"]
[EventDate "2018.??.??"]
[EventType "team-tourn"]
[EventRounds "9"]
[EventCountry "GER"]
[WhiteTeam "RUGIA Bergen"]
[BlackTeam "Waterkant Saal"]
[WhiteTeamCountry "GER"]
[BlackTeamCountry "GER"]

1. e4 c6 2. d4 d5 3. exd5 cxd5 4. c4 Nf6 5. Nc3 e6 6. Nf3 Bb4 7. Bd3 dxc4 8.
Bxc4 O-O 9. O-O Nbd7 10. Bg5 Bxc3 11. bxc3 Qc7 12. Qe2 b6 13. Ne5 Bb7 14. Rac1
Nxe5 15. dxe5 Ne4 16. Be3 Qxe5 17. Bd4 Qg5 18. f4 Qg6 19. Bd3 f5 20. Rf3 Qf7
21. Bxe4 Bxe4 22. Rg3 g6 23. Kf2 Qc7 24. Ke3 Rfd8 25. Rd1 Rd7 26. h4 Qd8 27.
Rg5 Kf7 28. h5 e5 29. hxg6+ hxg6 30. Rh1 exd4+ 31. cxd4 Bd5 32. Rh7+ Kf6 $4 (
32... Kf8 $19) 33. Rxg6+ Kxg6 34. Qh5+ Kf6 1-0

[Event "LLO18/19"]
[Site "Mecklenburg-Vorpommern"]
[Date "2019.04.07"]
[Round "9.3"]
[White "Onasch, Gunnar"]
[Black "Tabbert, Dirk"]
[Result "1-0"]
[WhiteElo "1802"]
[BlackElo "1649"]
[PlyCount "71"]
[EventDate "2018.??.??"]
[EventType "team-tourn"]
[EventRounds "9"]
[EventCountry "GER"]
[WhiteTeam "Waterkant Saal"]
[BlackTeam "RUGIA Bergen"]
[WhiteTeamCountry "GER"]
[BlackTeamCountry "GER"]

1. d4 f5 2. c4 Nf6 3. g3 e6 4. Bg2 Be7 5. Nf3 O-O 6. O-O d6 7. Qc2 Nc6 8. Nc3
Rb8 9. a3 Na5 10. Nd2 b6 11. b4 Nb7 12. e4 fxe4 13. Ndxe4 Bd7 14. Bf4 a6 15.
Rfe1 h6 16. Rad1 Nh5 17. Bc1 Nf6 18. Re2 e5 19. dxe5 Nxe4 20. Qxe4 Bf5 21. Qd5+
Kh8 22. e6 Bg4 23. f3 Bf5 24. g4 Bh7 25. f4 Qe8 26. f5 h5 27. Ne4 hxg4 28. Ng3
Bf6 29. Rf1 g6 30. Bh6 Rg8 31. fxg6 Rxg6 32. Rxf6 Rxf6 33. Qd4 Qg6 34. Rf2 Qxh6
35. Rxf6 Qg7 36. Nh5 1-0

[Event "LLO18/19"]
[Site "Mecklenburg-Vorpommern"]
[Date "2019.04.07"]
[Round "9.4"]
[White "Pawlowicz, Karsten"]
[Black "Richter, Frank"]
[Result "1/2-1/2"]
[WhiteElo "1635"]
[BlackElo "1754"]
[PlyCount "80"]
[EventDate "2018.??.??"]
[EventType "team-tourn"]
[EventRounds "9"]
[EventCountry "GER"]
[WhiteTeam "RUGIA Bergen"]
[BlackTeam "Waterkant Saal"]
[WhiteTeamCountry "GER"]
[BlackTeamCountry "GER"]

{[%evp 0,80,26,12,30,15,34,8,19,13,26,-21,1,-13,-7,-8,16,-17,29,29,40,8,46,49,
54,48,48,18,18,23,7,-11,-11,-26,33,-12,-12,-24,-39,-57,-71,-74,-69,-71,-56,-64,
-27,-84,-71,-65,-65,-62,-18,-80,-90,-94,-74,-47,-22,-64,-36,-69,-10,-57,-58,
-57,-64,-59,-43,-63,-57,-58,-6,-54,-57,-87,-42,-63,-55,-39,-13,-13,-8]} 1. Nf3
Nf6 2. d4 e6 3. g3 d5 4. Bg2 Be7 5. Bd2 O-O 6. O-O Ne4 7. Nc3 Nxd2 8. Nxd2 Nd7
9. e4 dxe4 10. Ncxe4 Nf6 11. Nxf6+ Bxf6 12. c3 Rb8 13. Ne4 Be7 14. Qc2 b6 15.
Nd2 c5 16. dxc5 Bxc5 17. Ne4 Be7 18. Rfd1 Qc7 19. Rd4 e5 20. Rdd1 Be6 21. Nd2
b5 22. Qe4 Rfc8 23. Bf1 f6 24. Bd3 g6 25. Qe2 Qb6 26. h4 Rd8 27. a4 a6 28. axb5
axb5 29. c4 b4 30. b3 Kg7 31. Rac1 h5 32. Be4 Rbc8 33. Bf3 Rd4 34. Ne4 Rcd8 35.
Rxd4 Rxd4 36. Rd1 Qd8 37. Kg2 Bf5 38. Rxd4 Qxd4 39. Qe3 Bxe4 40. Qxe4 Qxe4
1/2-1/2

[Event "LLO18/19"]
[Site "Mecklenburg-Vorpommern"]
[Date "2019.04.07"]
[Round "9.5"]
[White "Nickel, Reimo"]
[Black "Behrens, Christoph"]
[Result "1/2-1/2"]
[WhiteElo "1710"]
[BlackElo "1621"]
[PlyCount "92"]
[EventDate "2018.??.??"]
[EventType "team-tourn"]
[EventRounds "9"]
[EventCountry "GER"]
[WhiteTeam "Waterkant Saal"]
[BlackTeam "RUGIA Bergen"]
[WhiteTeamCountry "GER"]
[BlackTeamCountry "GER"]

{[%evp 0,92,32,33,26,-23,29,30,57,40,51,44,65,69,50,55,46,40,54,42,44,13,43,36,
35,44,48,51,41,39,68,80,79,75,70,66,86,70,75,60,55,53,79,63,86,54,110,108,141,
124,135,136,137,128,129,127,133,113,133,130,136,129,156,145,145,110,115,115,
114,47,53,6,15,-24,-16,34,41,39,56,36,51,0,49,35,67,77,123,123,123,123,123,0,0,
-38,9]} 1. d4 d5 {(=)} 2. c4 dxc4 3. e3 e6 4. Bxc4 Nf6 5. Nf3 Bb4+ 6. Bd2 Bxd2+
7. Nbxd2 O-O 8. Ne5 Nbd7 9. Ndf3 Nxe5 10. Nxe5 Nd7 {(=)} 11. Nd3 a6 12. Qf3 Qf6
13. Qxf6 Nxf6 14. Rc1 c6 15. O-O Ne4 16. Rfd1 Rd8 17. Bb3 Kf8 18. Ne5 Nd6 19.
Nc4 Nxc4 20. Bxc4 Rd6 {(=)} 21. Be2 Rb8 22. Rc3 b5 23. Rdc1 Rb6 24. Bf3 Bd7 25.
Rc5 Ke7 26. Kf1 f6 27. Ke2 Be8 28. R1c3 Kd7 29. g3 Bf7 30. b3 b4 31. Rc1 Be8
32. Ke1 Kc7 33. Ra5 Kb7 34. Rc4 Rb5 35. Rxb5+ axb5 36. Rxb4 $2 Kb6 37. Be4 Ka5
38. a3 f5 39. Bc2 g6 40. Ke2 g5 {(=)} 41. Bd3 Bd7 42. Kd2 e5 $2 43. dxe5 Rxd3+
44. Kxd3 c5 45. Rd4 (45. Rc4 $1 $18 bxc4+ 46. Kxc4 Kb6 47. Kd5 Be8 48. e6 g4
49. Kd6 Bc6 50. a4) 45... cxd4 46. exd4 Be6 1/2-1/2

[Event "LLO18/19"]
[Site "Mecklenburg-Vorpommern"]
[Date "2019.04.07"]
[Round "9.6"]
[White "Scheel, Manfred"]
[Black "Ehmann, Roland"]
[Result "0-1"]
[WhiteElo "1611"]
[BlackElo "1632"]
[PlyCount "65"]
[EventDate "2018.??.??"]
[EventType "team-tourn"]
[EventRounds "9"]
[EventCountry "GER"]
[WhiteTeam "RUGIA Bergen"]
[BlackTeam "Waterkant Saal"]
[WhiteTeamCountry "GER"]
[BlackTeamCountry "GER"]

{[%evp 0,65,28,36,52,46,41,25,11,23,30,-20,6,1,-10,-12,-35,-43,-34,-26,-15,-55,
-50,-73,-71,-69,-23,-87,-87,-94,-75,-75,-78,-62,-19,-25,-27,-59,5,-29,-31,-48,
-48,-310,-311,-330,-330,-328,-336,-335,-328,-327,-322,-364,-383,-381,-357,-357,
-338,-418,-400,-384,-355,-381,-355,-526,-464,-945]} 1. e4 c5 2. Nf3 Nc6 3. Bc4
e6 4. O-O Be7 5. b3 Bf6 6. c3 d5 7. exd5 exd5 8. Re1+ Nge7 9. Bb5 O-O 10. Bb2
a6 11. Be2 d4 12. cxd4 cxd4 13. d3 Nd5 14. Na3 b5 15. Nc2 Nc3 16. Qd2 Nxe2+ 17.
Qxe2 Bf5 18. Qd2 Qd7 19. Qf4 Rfd8 20. Rad1 h6 21. Bxd4 g5 22. Qg3 Nxd4 23.
Ncxd4 Bxd4 24. Ne5 Qd6 25. Qf3 Be6 26. Ng4 Kg7 27. Ne3 Qf4 28. Qb7 Qb8 29. Qe7
Qd6 30. Qb7 Rab8 31. Qf3 Qd7 32. Nc2 Bc3 33. Re3 0-1

[Event "LLO18/19"]
[Site "Mecklenburg-Vorpommern"]
[Date "2019.04.07"]
[Round "9.7"]
[White "Nickel, Udo"]
[Black "Jepp, Wolfgang"]
[Result "1/2-1/2"]
[WhiteElo "1604"]
[BlackElo "1574"]
[PlyCount "67"]
[EventDate "2018.??.??"]
[EventType "team-tourn"]
[EventRounds "9"]
[EventCountry "GER"]
[WhiteTeam "Waterkant Saal"]
[BlackTeam "RUGIA Bergen"]
[WhiteTeamCountry "GER"]
[BlackTeamCountry "GER"]

1. d4 d5 2. Nf3 Nc6 3. c4 e6 4. Nc3 Nf6 5. Bg5 Be7 6. e3 O-O 7. a3 h6 8. Bh4 b6
9. cxd5 exd5 10. Qc2 Bb7 11. Bd3 Nh5 12. Bxe7 Nxe7 13. b4 a6 14. Qb3 Nf6 15.
Ne5 b5 16. Rc1 Nd7 17. Nxd7 Qxd7 18. Ne2 c6 19. O-O a5 20. Ra1 axb4 21. axb4
Rfb8 22. Ng3 g6 23. Rfb1 Nc8 24. e4 dxe4 25. Rxa8 Rxa8 26. Bxe4 Kf8 27. Qc3 Kg8
28. Qc5 Qd6 29. Bf3 Qxc5 30. dxc5 Ne7 31. h3 Bc8 32. Rd1 Be6 33. Rd6 Rc8 34.
Kf1 1/2-1/2

[Event "LLO18/19"]
[Site "Mecklenburg-Vorpommern"]
[Date "2019.04.07"]
[Round "9.8"]
[White "Feldt, Horst"]
[Black "Hiltner, Harald"]
[Result "1-0"]
[WhiteElo "1561"]
[BlackElo "1495"]
[PlyCount "83"]
[EventDate "2018.??.??"]
[EventType "team-tourn"]
[EventRounds "9"]
[EventCountry "GER"]
[WhiteTeam "RUGIA Bergen"]
[BlackTeam "Waterkant Saal"]
[WhiteTeamCountry "GER"]
[BlackTeamCountry "GER"]

1. d4 g6 2. c4 Bg7 3. Nc3 e6 4. e4 Ne7 5. f4 d6 6. Nf3 Nd7 7. Be3 O-O 8. Qd2 b6
9. Bd3 Bb7 10. O-O c5 11. d5 exd5 12. exd5 f5 13. Ng5 Rf6 14. Ne6 Qc8 15. Nb5
Nf8 16. Nxd6 Qd7 17. Nxb7 Nxe6 18. dxe6 Qxb7 19. Be2 Qc8 20. Bf3 Rb8 21. Bd5
Qc7 22. Rad1 Rd8 23. Qe2 Rff8 24. b3 Rd6 25. Rd3 Rfd8 26. Rfd1 Bf6 27. g4 fxg4
28. Qxg4 Nxd5 29. Rxd5 Qe7 30. f5 g5 31. Qg3 Rxd5 32. Rxd5 Qg7 33. Qf2 Qc7 34.
Qd2 h6 35. Bf2 Kf8 36. Bg3 Qc8 37. Be5 Rxd5 38. Qxd5 Bxe5 39. Qxe5 Qe8 40. Qf6+
Kg8 41. Qxh6 Qe7 42. f6 1-0

[Event "LLO18/19"]
[Site "Mecklenburg-Vorpommern"]
[Date "2019.04.07"]
[Round "9.1"]
[White "Alder, Bodo"]
[Black "Schulz, Daniel"]
[Result "0-1"]
[WhiteElo "1793"]
[BlackElo "1910"]
[PlyCount "78"]
[EventDate "2018.??.??"]
[EventType "team-tourn"]
[EventRounds "9"]
[EventCountry "GER"]
[WhiteTeam "Seehotel Binz"]
[BlackTeam "SG Neubrandenburg"]
[WhiteTeamCountry "GER"]
[BlackTeamCountry "GER"]

1. Nf3 Nf6 2. b3 e6 3. Bb2 Be7 4. e3 b6 5. Be2 Bb7 6. c4 O-O 7. O-O d6 8. d4
Nbd7 9. Nbd2 c5 10. Rc1 Rc8 11. Re1 Qc7 12. Bf1 Ne4 13. Nxe4 Bxe4 14. Bd3 Bb7
15. Qe2 a6 16. Bb1 Nf6 17. e4 Rfd8 18. Rcd1 cxd4 19. Bxd4 e5 20. Bb2 Qc5 21.
Nd2 Rc7 22. a3 a5 23. Rc1 Bc8 24. h3 Be6 25. Nf1 Rf8 26. Ne3 g6 27. Nd5 Rb7 28.
b4 Qc8 29. Qf3 Nh5 30. g4 Ng7 31. Nxe7+ Rxe7 32. c5 bxc5 33. bxc5 dxc5 34. Bxe5
Bxg4 35. Qf6 Rxe5 36. Qxe5 Bxh3 37. Rxc5 Qd7 38. Qc3 Nh5 39. Qd3 Qg4+ 0-1